U.S. States that Border The Great Lakes - Statistics

General Stats
  • This quiz has been taken 16 times
  • The average score is 9 of 9
Answer Stats
Lake(s) State % Correct
Michigan Illinois
100%
Michigan Indiana
100%
Michigan, Huron, Erie Michigan
100%
Superior Minnesota
100%
Erie, Ontario New York
94%
Erie Ohio
94%
Erie Pennsylvania
94%
Superior, Michigan Wisconsin
94%
Great Salt Lake Utah
81%
No matching quizzes found
Score Distribution
Percent of People with Each Score
Percentile by Number Answered
Your Score History
You have not taken this quiz